Maccabi tel aviv F.C championships - Statistics

General Stats
  • This quiz has been taken 33 times
  • The average score is 20 of 22
Answer Stats
Number of the championship Answer % Correct
19 2012/13
100%
20 2013/14
100%
21 2014/15
100%
22 2018/19
100%
17 1995/96
96%
18 2002/03
96%
12 1971/72
93%
13 1976/77
93%
14 1978/79
93%
15 1991/92
93%
16 1994/95
93%
3 1941/42
89%
10 1966/68
89%
11 1969/70
89%
1 1935/36
85%
4 1946/47
85%
5 1949/50
85%
6 1951/52
85%
7 1953/54
85%
8 1955/56
85%
9 1957/58
85%
2 1937
63%
No matching quizzes found
Score Distribution
Percent of People with Each Score
Percentile by Number Answered
Your Score History
You have not taken this quiz